00727nam a22002177a 4500008004100000020001800041050002000059100001900079245008500098250001200183260005600195300003400251504005000285650003000335700002400365700002400389700002300413700002300436700003000459700002000489260622b |||||||| |||| 00| 0 eng d a9781284322378 aQR67b.K66 2017 aProcop Gary W. aKoneman's color atlas and textbook of diagonostic microbiology /cGary W. Procop a7th ed. aBurlington,MA :bJones & Bartlett learning ,c2017. axxxiv,1606p. :bill. ;c28cm. aIncludes bibliographical references and index 2Diagonostic microbiology. aChurch Deirdre L. , aHall Geraldine S. , aJanda William M. , aKoneman Elmer W. , aSchreckenberger Paul C. , aWoods Gail L. ,